Risultati della Lazio in UEFA Europa League 2011-2012 - Statistics

Statistiche generali
  • Questo quiz è stato fatto 2 volte
  • Il punteggio medio è 4 su 8
Statistiche sulle risposte
Hint Risposta % Corretto
Vaslui - Lazio 0-0
100%
Lazio - Zurigo 1-0
50%
Atlético Madrid - Lazio 1-0
50%
Zurigo - Lazio 1-1
50%
Lazio - Atlético Madrid 1-3
50%
Sporting Lisbona - Lazio 2-1
50%
Lazio - Sporting Lisbona 2-0
0%
Lazio - Vaslui 2-2
0%
Nessun quiz corrispondente trovato
Distribuzione punteggi
Percentuale di utenti per punteggio
Percentile per numero di risposta
I tuoi punteggi nel tempo
Non hai fatto questo quiz